হাদীছের তত্ত্ব ও ইতিহাস / (Record no. 57083)
[ view plain ]
| 000 -LEADER | |
|---|---|
| fixed length control field | 00967nam a2200253 a 4500 |
| 001 - CONTROL NUMBER | |
| control field | 57083 |
| 003 - CONTROL NUMBER IDENTIFIER | |
| rucl marc code | BD-RjUL |
| 005 - DATE AND TIME OF LATEST TRANSACTION | |
| control field | 20211209080451.0 |
| 008 - FIXED-LENGTH DATA ELEMENTS--GENERAL INFORMATION | |
| fixed length control field | 161205s1966 bg ||||| |||| 00| 0 ben d |
| 020 ## - INTERNATIONAL STANDARD BOOK NUMBER | |
| Terms of availability | : TK 9.00 |
| 035 ## - SYSTEM CONTROL NUMBER | |
| System control number | (BD-RjUL)57207 |
| 040 ## - CATALOGING SOURCE | |
| Original cataloging agency | BD-RjUL |
| Language of cataloging | ben |
| Transcribing agency | BD-RjUL |
| 041 ## - LANGUAGE CODE | |
| Language code of text/sound track or separate title | ben |
| 082 ## - DEWEY DECIMAL CLASSIFICATION NUMBER | |
| Edition number | 23 |
| Classification number | 297.124 |
| Author mark and year | AJH 1966 |
| 100 ## - MAIN ENTRY--PERSONAL NAME | |
| Personal name | আ'জমী, নূর মোহাম্মদ |
| 9 (RLIN) | 123449 |
| 245 10 - TITLE STATEMENT | |
| Title | হাদীছের তত্ত্ব ও ইতিহাস / |
| Statement of responsibility, etc. | নূর মোহাম্মদ আ'জমী |
| 260 ## - PUBLICATION, DISTRIBUTION, ETC. (IMPRINT) | |
| Place of publication, distribution, etc. | ঢাকা : |
| Name of publisher, distributor, etc. | এমদাদিয়া লাইব্রেরী, |
| Date of publication, distribution, etc. | ১৯৬৬ |
| 300 ## - PHYSICAL DESCRIPTION | |
| Pagination | ৩৯৫ পৃ. ; |
| Size | ২৬ সেমি. |
| 490 ## - SERIES STATEMENT | |
| Series statement | মেশকাত অনুবাদের ভূমিকা |
| 650 ## - SUBJECT ADDED ENTRY--TOPICAL TERM | |
| Topical term or geographic name as entry element | হাদীস |
| 9 (RLIN) | 169575 |
| Topical term or geographic name as entry element | Hadith |
| 9 (RLIN) | 169576 |
| 856 ## - ELECTRONIC LOCATION AND ACCESS | |
| Materials specified | মেশকাত অনুবাদের ভূমিকা |
| 942 ## - ADDED ENTRY ELEMENTS (KOHA) | |
| Source of classification or shelving scheme | Dewey Decimal Classification |
| Koha item type | Books |
| Lost status | Source of classification or shelving scheme | Damaged status | Not for loan | Collection code | Permanent Location | Current Location | Shelving location | Date acquired | Source of acquisition | Cost, normal purchase price | Total Checkouts | Full call number | Date last seen | Copy number | Koha item type |
|---|---|---|---|---|---|---|---|---|---|---|---|---|---|---|---|
| Dewey Decimal Classification | Not For Loan | Non-fiction | Central Library, University of Rajshahi | Central Library, University of Rajshahi | Reading Room | 27/02/1967 | Faruk Library, Rajshahi | 9.00 | B 297.124 AJH 1966 | 05/12/2016 | C-1 | Books |